[Event "Montigny le Bretonneux Noel op 19th"]
[Site "Montigny le Bretonneux"]
[Date "2018.12.28"]
[Round "3"]
[White "Darnet, Ninon"]
[Black "Longbien, Dominique"]
[Result "1-0"]
[WhiteElo "1162"]
[BlackElo "1468"]
[PlyCount "123"]
[EventDate "2018.12.26"]
[EventType "swiss"]
[EventRounds "7"]
[EventCountry "FRA"]
[SourceTitle "CBM 188 Extra"]
[Source "ChessBase"]
[SourceDate "2019.02.26"]
[SourceVersion "1"]
[SourceVersionDate "2019.02.26"]
[SourceQuality "1"]

1. e4 e5 2. Nf3 Nc6 3. Bc4 Bc5 4. Nc3 Nf6 5. d3 h6 6. a3 a6 7. 0-0 b5 8. Bb3 Bb7 9. Be3 Qe7 10. h3 0-0 11. Qd2 Bxe3 12. Qxe3 Rad8 13. Rfe1 Rfe8 14. Bd5 Rc8 15. d4 exd4 16. Nxd4 Nxd5 17. Nxd5 Qe5 18. Nxc6 Bxc6 19. Nc3 f5 20. f4 Qf6 21. Qd3 Qh4 22. Qe3 Re6 23. e5 Rce8 24. Ne2 Rg6 25. Qc3 Ree6 26. g3 Qxh3 27. Kf2 Qh2+ 28. Ke3 Qg2 29. Rf1 Kh8 30. Rae1 Bd5 31. Qd3 Re7 32. Qxf5 Kh7 33. Rf2 Qe4+ 34. Qxe4 Bxe4 35. Kxe4 d6 36. Nd4 Rg4 37. Kf3 h5 38. Rh1 g6 39. exd6 cxd6 40. Rfh2 Kh6 41. Rh4 Rxh4 42. Rxh4 d5 43. g4 Re4 44. c3 Re1 45. gxh5 gxh5 46. Nf5+ Kg6 47. Ng3 Rb1 48. Rxh5 Rxb2 49. Rg5+ Kh6 50. Nf5+ Kh7 51. Nd4 Rb1 52. Rxd5 Ra1 53. Rd7+ Kg8 54. Ra7 Rxa3 55. Nxb5 Rb3 56. Nd4 Rxc3+ 57. Ke4 Ra3 58. Kf5 Ra5+ 59. Kf6 Ra4 60. Kg6 Kf8 61. Ne6+ Ke8 62. Kf6 1-0